Catálogo

Bóvedas de acero / (Registro nro. 30236)

Detalles MARC
000 -LEADER
fixed length control field 01846cam a2200457 i 4500
001 - CONTROL NUMBER
control field 30236
003 - CONTROL NUMBER IDENTIFIER
control field Mx-PuUPA
005 - DATE AND TIME OF LATEST TRANSACTION
control field 20251014101715.0
008 - FIXED-LENGTH DATA ELEMENTS--GENERAL INFORMATION
fixed length control field 140415s1990 mx gr 001 0 spa d
020 ## - INTERNATIONAL STANDARD BOOK NUMBER
International Standard Book Number 9682107822
020 ## - INTERNATIONAL STANDARD BOOK NUMBER
International Standard Book Number 8427014066
Qualifying information Ediciones Martínez Roca, S. A.
040 ## - CATALOGING SOURCE
Transcribing agency Mx-PuUPA
Original cataloging agency Mx-PuUPA
Language of cataloging spa
Modifying agency Mx-PuUPA
Description conventions rda
041 1# - LANGUAGE CODE
Language code of text/sound track or separate title spa
Language code of original eng
043 ## - GEOGRAPHIC AREA CODE
Geographic area code n-us-ny
100 1# - MAIN ENTRY--PERSONAL NAME
Personal name Asimov, Isaac,
Dates associated with a name 1920-1992
Relator term autor
9 (RLIN) 4640
240 14 - UNIFORM TITLE
Uniform title The Caves of Steel.
Language of a work Español
245 10 - TITLE STATEMENT
Title Bóvedas de acero /
Statement of responsibility, etc. Isaac Asimov ; traducción al español por Francisco Blanco
250 ## - EDITION STATEMENT
Edition statement Edición hecha con autorización y por cuenta de Ediciones Martínez Roca
264 #1 - PRODUCTION, PUBLICATION, DISTRIBUTION, MANUFACTURE, AND COPYRIGHT NOTICE
Place of production, publication, distribution, manufacture México, D.F. :
Name of producer, publisher, distributor, manufacturer Ediciones Roca,
Date of production, publication, distribution, manufacture, or copyright notice ©1990
300 ## - PHYSICAL DESCRIPTION
Extent 175 páginas ;
Dimensions 20 cm
336 ## - CONTENT TYPE
Fuente rdacontent
Content type term texto
Content type code txt
337 ## - MEDIA TYPE
Source rdamedia
Media type term sin medio
Media type code n
338 ## - CARRIER TYPE
Source rdacarrier
Carrier type term volumen
Carrier type code nc
490 0# - SERIES STATEMENT
Series statement Biblioteca Asimov ;
Volume/sequential designation 7
490 0# - SERIES STATEMENT
Series statement Ciclo de las fundaciones
650 #7 - SUBJECT ADDED ENTRY--TOPICAL TERM
Source of heading or term armarc
Topical term or geographic name entry element Novela policíaca
650 #7 - SUBJECT ADDED ENTRY--TOPICAL TERM
Source of heading or term armarc
Topical term or geographic name entry element Policia
Geographic subdivision Nueva York (Estado)
Form subdivision Novela
650 #7 - SUBJECT ADDED ENTRY--TOPICAL TERM
Source of heading or term armarc
Topical term or geographic name entry element Robots
Form subdivision Novela
650 #7 - SUBJECT ADDED ENTRY--TOPICAL TERM
Source of heading or term armarc
Topical term or geographic name entry element Viajes interplanetarios
Form subdivision Novela
650 #7 - SUBJECT ADDED ENTRY--TOPICAL TERM
Source of heading or term armarc
Topical term or geographic name entry element Ciencia ficción estadounidense
655 #4 - INDEX TERM--GENRE/FORM
Genre/form data or focus term Novela policíaca
700 1# - ADDED ENTRY--PERSONAL NAME
Personal name Blanco, Francisco,
Relator term traductor
765 0# - ORIGINAL LANGUAGE ENTRY
Main entry heading Asimov, Isaac
Title The Caves of Steel
780 00 - PRECEDING ENTRY
Main entry heading Asimov, Isaac,
Edition Primera edición
Place, publisher, and date of publication México, D.F : Editorial Hermes, 1984
Title Yo, robot
International Standard Book Number 9684460325
780 00 - PRECEDING ENTRY
Main entry heading Asimov, Isaac,
Place, publisher, and date of publication Buenos Aires, Argentina : Editorial Sudamericana, 2016
Title Yo, robot
Record control number (Mx-PuUPA) 70480
International Standard Book Number 9786073147385
785 00 - SUCCEEDING ENTRY
Main entry heading Asimov, Isaac,
Place, publisher, and date of publication Madrid : Alamut, 2020
Title El sol desnudo
Record control number (Mx-PuUPA) 70475
International Standard Book Number 9788498891294
942 ## - ADDED ENTRY ELEMENTS (KOHA)
Source of classification or shelving scheme Dewey Decimal Classification
Koha item type Libro
Classification part A8418
Item part 1990
Existencias
Withdrawn status Lost status Source of classification or shelving scheme Damaged status Not for loan Collection code Home library Current library Shelving location Date acquired Source of acquisition Cost, normal purchase price Total Checkouts Full call number Barcode Date last seen Cost, replacement price Price effective from Koha item type
    Dewey Decimal Classification     General Biblioteca Karol Wojtyla Biblioteca Karol Wojtyla Sala general 01/01/2022 Donación 0.00   813.54 A8418 1990 47900 05/01/2026 0.00 03/12/2013 Libro